| 000 | 02427nam0a2200373 i 4500 | ||
|---|---|---|---|
| 001 | RU\NLR\BIBL_A\011596436 | ||
| 005 | 20260408063805.0 | ||
| 010 |
_a9785774307463 _9500 |
||
| 021 |
_aRU _b2017-98408 _97087 |
||
| 035 | _a(RuMoRGB)009493175 | ||
| 035 | _a(NLR Aleph) 011596436 | ||
| 090 |
_a10864028 _c10864028 |
||
| 100 | _a20180117d2016 k y0rusy50 ca | ||
| 101 | 0 | _arus | |
| 102 | _aRU | ||
| 105 | _ay|||z|||100zy | ||
| 200 | 1 |
_aАктуальные проблемы уголовно-исполнительного права и исполнения наказаний _eматериалы межвузовской научно-практической конференции, посвященной памяти профессоров Н.А. Стручкова и М.П. Мелентьева, 27 апреля 2016 г., [г. Рязань] _fФедеральная служба исполнения наказаний, Академия права и управления _g[редакционная коллегия: С.Р. Тютиков, к.ю.н., доцент (отв. редактор) и др.] |
|
| 210 |
_aРязань _cАкадемия права и управления Федеральной службы исполнения наказаний _d2016 |
||
| 215 |
_a391 с. _d21 |
||
| 320 | _aБиблиогр. в подстроч. примеч. | ||
| 606 | 1 |
_aУголовно-исполнительное право _jСъезды, совещания и т.п _yРоссийская Федерация _92078584 _3RU\NLR\AUTH\661254446 |
|
| 606 | 1 |
_aНаказание в уголовном праве _jСъезды, совещания и т.п _xИсполнение _yРоссийская Федерация _92251926 _3RU\NLR\AUTH\661350697 |
|
| 686 |
_aХ628.4я431(2) _2rubbk |
||
| 686 | 1 | _aХ628.4я431 | |
| 686 | 1 | _aХ628.40-4я431 | |
| 702 | 1 |
_aТютиков _bС. Р. _gСергей Рудольфович _4340 |
|
| 702 | 1 |
_aСтручков _bН. А. _f1922-1989 _gНиколай Алексеевич _4570 |
|
| 702 | 1 |
_aМелентьев _bМ. П. _f1931-2004 _gМихаил Петрович _4570 |
|
| 712 | 0 | 2 |
_4475 _aАкадемия права и управления _cРязань _3RU\NLR\AUTH\8810036619 _9571918 |
| 942 | _cBOOK | ||
| 980 | _aNBR | ||